How Fast Can You Type The Whole Number Set 1-100 - Statistics

General Stats
  • This quiz has been taken 474 times
  • The average score is 81 of 100
Answer Stats
Answer % Correct
1
100%
2
99%
3
98%
4
97%
5
97%
6
97%
8
97%
9
97%
7
96%
10
93%
12
93%
11
92%
13
92%
14
92%
15
92%
16
91%
17
91%
18
91%
19
90%
22
90%
21
89%
20
88%
23
88%
24
88%
25
88%
26
88%
27
87%
28
87%
32
87%
33
87%
29
85%
30
85%
31
85%
34
85%
35
83%
36
83%
37
83%
38
83%
39
83%
40
83%
41
83%
43
83%
44
83%
42
82%
45
82%
55
82%
46
81%
47
81%
48
81%
49
81%
51
81%
53
81%
54
81%
56
81%
52
80%
57
80%
66
80%
50
79%
58
79%
60
79%
61
79%
62
79%
63
79%
64
79%
65
79%
67
79%
59
78%
68
78%
69
77%
70
76%
71
75%
72
75%
73
75%
77
75%
78
75%
79
75%
74
74%
76
74%
75
73%
82
73%
83
73%
88
73%
89
73%
80
72%
81
72%
85
72%
84
71%
86
71%
90
71%
91
71%
87
70%
92
70%
93
69%
94
69%
95
69%
96
67%
97
67%
99
67%
98
66%
100
63%
No matching quizzes found
Score Distribution
Percent of People with Each Score
Percentile by Number Answered
Your Score History
You have not taken this quiz